| 000 | 01192cam a2200385 a 4500 | ||
|---|---|---|---|
| 001 | 1681029 | ||
| 003 | OSt | ||
| 005 | 20140310184452.0 | ||
| 008 | 981013s1998 ctua c 001 0 eng | ||
| 010 | _a 98208594 | ||
| 020 | _a0439078075 | ||
| 040 |
_aDLC _cDLC _dDLC |
||
| 042 | _alcac | ||
| 050 |
_bQP 321 _a.Si4858 1999 |
||
| 100 | 1 |
_aWalker, Richard, _d1951- _928159 |
|
| 245 | 1 | 0 |
_aMuscles : _bour muscular system / _cSeymour Simon. |
| 260 |
_aDanbury, Conn. : _bGrolier Educational, _c1999 |
||
| 300 |
_bcol. ill. ; _c23 cm. |
||
| 490 | 1 |
_aUnder the microscope ; _v7 |
|
| 500 | _aIncludes index. | ||
| 521 | _aG9 | ||
| 526 | _c1030 | ||
| 562 | _e1 | ||
| 650 | 0 |
_aMuscles _xJuvenile literature. _928160 |
|
| 650 | 0 |
_aHuman locomotion _xJuvenile literature. _928161 |
|
| 650 | 1 |
_aMuscles. _925500 |
|
| 650 | 1 | _aHuman locomotion. | |
| 650 | 1 | _aMicroscopy. | |
| 830 | 0 |
_aUnder the microscope (Danbury, Conn.) ; _v7. _928162 |
|
| 906 |
_a7 _bcbc _corignew _d1 _encip _f19 _gy-gencatlg |
||
| 942 |
_2lcc _cBK-SCHOLAS |
||
| 999 |
_c34602 _d34602 |
||